| 000 | 00490pab a2200193 454500 | ||
|---|---|---|---|
| 008 | 180718b2011 xxu||||| |||| 00| 0 eng d | ||
| 100 | _aMuller, Christophe | ||
| 245 | _aWithin-firm human capital externalities in Tunsia | ||
| 260 | _c2011 | ||
| 300 | _ap.657-675. | ||
| 362 | _aApr | ||
| 650 | _aWages - Tunisia | ||
| 650 | _aLabour - Tunisia | ||
| 650 | _aLabour | ||
| 700 | _aNordman, Christophe J. | ||
| 773 | _aJournal of Development Studies | ||
| 908 | _aN | ||
| 909 | _a91574 | ||
| 999 |
_c91574 _d91574 |
||